Carpentry and building construction

"Carpentry and Building Construction" is widely used for vocational building construction programs in secondary and post-secondary schools. The fifth edition has been completely updated and expanded, so you can be sure your teaching is technically correct and state of the art. This compreh...

全面介紹

Đã lưu trong:
書目詳細資料
主要作者: Feirer, John Louis
格式: 圖書
語言:Undetermined
出版: New York, N.Y. Glencoe, McGraw-Hill 1997
主題:
標簽: 添加標簽
沒有標簽, 成為第一個標記此記錄!
Thư viện lưu trữ: Trung tâm Học liệu Trường Đại học Cần Thơ
LEADER 00904nam a2200193Ia 4500
001 CTU_187028
008 210402s9999 xx 000 0 und d
082 |a 694 
082 |b F297 
100 |a Feirer, John Louis 
245 0 |a Carpentry and building construction 
245 0 |c John L. Feirer, Gilbert R. Hutchings, Mark D. Feirer 
260 |a New York, N.Y. 
260 |b Glencoe, McGraw-Hill 
260 |c 1997 
520 |a "Carpentry and Building Construction" is widely used for vocational building construction programs in secondary and post-secondary schools. The fifth edition has been completely updated and expanded, so you can be sure your teaching is technically correct and state of the art. This comprehensive text covers everything from print reading to painting. 
650 |a Carpentry,Nghề mộc 
910 |a Hải 
980 |a Trung tâm Học liệu Trường Đại học Cần Thơ